| 000 | 00817nam a2200277 a 4500 | ||
|---|---|---|---|
| 008 | |||
| 020 | _a0697097161 (hbk.) | ||
| 049 | _aMAIN | ||
| 090 |
_aQP34.5 _bVAN. |
||
| 100 | 1 | _aVan De Graaff, Kent M. | |
| 245 | 1 | 0 |
_aConcepts of human anatomy and physiology / _cKent M. Van De Graaff and Stuart Ira Fox. |
| 260 |
_aDubuque, IA : _bWm. C. Brown, _cc1992. |
||
| 300 | _a3rd ed. | ||
| 300 |
_axx, 950 p. : _bill. ; _c29 cm. |
||
| 500 | _aIncludes index. | ||
| 504 | _aIncludes bibliographical references. | ||
| 650 | _aHuman anatomy. | ||
| 650 | _aHuman physiology. | ||
| 650 | _aPhysiology. | ||
| 700 | _aFox, Stuart Ira. | ||
| 907 |
_a.b10114609 _b25-01-11 _c19-03-04 |
||
| 003 | |||
| 005 | 20230120204049.0 | ||
| 040 | _cNUST | ||
| 942 |
_cBOOKS _kQP34.5 _mVAN. |
||
| 999 |
_c116458 _d116458 |
||